<?xml version="1.0" encoding="UTF-8"?>
<record
    xmlns:xsi="http://www.w3.org/2001/XMLSchema-instance"
    xsi:schemaLocation="http://www.loc.gov/MARC21/slim http://www.loc.gov/standards/marcxml/schema/MARC21slim.xsd"
    xmlns="http://www.loc.gov/MARC21/slim">

  <leader>01908nam a22002417a 4500</leader>
  <controlfield tag="003">OSt</controlfield>
  <controlfield tag="005">20240530110418.0</controlfield>
  <controlfield tag="008">150309s2008    gw a   f b    001 0 eng d</controlfield>
  <datafield tag="020" ind1=" " ind2=" ">
    <subfield code="a">9783131450319</subfield>
  </datafield>
  <datafield tag="040" ind1=" " ind2=" ">
    <subfield code="a">EG-CaGPL</subfield>
    <subfield code="c">EG-CaGPL</subfield>
  </datafield>
  <datafield tag="041" ind1=" " ind2=" ">
    <subfield code="a">eng</subfield>
    <subfield code="h">ger</subfield>
  </datafield>
  <datafield tag="082" ind1="0" ind2="4">
    <subfield code="2">21</subfield>
    <subfield code="a">617.539\</subfield>
    <subfield code="b">G A</subfield>
  </datafield>
  <datafield tag="100" ind1="1" ind2=" ">
    <subfield code="a">Gemsenjager, Ernst</subfield>
  </datafield>
  <datafield tag="245" ind1="1" ind2="0">
    <subfield code="a">Atlas of thyroid surgery /</subfield>
    <subfield code="c">Ernst Gemsenjaeger</subfield>
  </datafield>
  <datafield tag="260" ind1=" " ind2=" ">
    <subfield code="a">New York :</subfield>
    <subfield code="b">Thieme,</subfield>
    <subfield code="c">2009</subfield>
  </datafield>
  <datafield tag="300" ind1=" " ind2=" ">
    <subfield code="a">180 p. :</subfield>
    <subfield code="b">ill. ;</subfield>
    <subfield code="c">28 cm.</subfield>
  </datafield>
  <datafield tag="504" ind1=" " ind2=" ">
    <subfield code="a">Includes bibliographical references and index.</subfield>
  </datafield>
  <datafield tag="505" ind1=" " ind2=" ">
    <subfield code="a">Notes on positioning the patient -- Basic surgical anatomy -- Incisions; thyroid exposure -- Capsular dissection -- Thyroid hilus : suspensory ligament of Berry ; inferior (recurrent) laryngeal nerve ; parathyroids ; posterior thyroid process (tubercle of Zuckerkandl) -- Further case records with demonstrations of the technique of capsular dissection -- Basic remarks -- Proliferation, clonality, and autonomy of thyroid lesions -- Molecular genetic diagnosis. Gene profiling -- Follicular neoplasia -- Thyroid nodules in surgical practice. Strategy of adequate excision -- Case records : hyperplastic and neoplastic nodules ; functional autonomy ; follicular thyroid carcinoma (FTC) -- Embryological thyroid development and developmental anomalies : clinical aspects -- Total thyroidectomy for benign nodular goiter -- Long-standing solitary nodule -- Further clinical considerations -- Nodules in graves disease -- Nodules in chronic autoimmune thyroiditis (Hashimoto thyroiditis, Hashimoto disease, lymphocytic thyroiditis) -- Papillary thyroid carcinoma -- Anaplastic (undifferentiated) thyroid carcinoma -- Medullary thyroid carcinoma (C-cell carcinoma) -- Concluding remarks.</subfield>
  </datafield>
  <datafield tag="650" ind1=" " ind2="0">
    <subfield code="a">Endocrine Surgical Procedures</subfield>
    <subfield code="x">methods</subfield>
    <subfield code="v">Atlases.</subfield>
  </datafield>
  <datafield tag="650" ind1=" " ind2="0">
    <subfield code="a">Thyroid Gland</subfield>
    <subfield code="x">methods</subfield>
    <subfield code="v">Atlases.</subfield>
  </datafield>
  <datafield tag="650" ind1=" " ind2="0">
    <subfield code="a">Thyroid gland</subfield>
    <subfield code="x">Surgery</subfield>
    <subfield code="v">Atlases.</subfield>
  </datafield>
  <datafield tag="942" ind1=" " ind2=" ">
    <subfield code="2">ddc</subfield>
    <subfield code="c">BK</subfield>
  </datafield>
  <datafield tag="999" ind1=" " ind2=" ">
    <subfield code="c">60600</subfield>
    <subfield code="d">60600</subfield>
  </datafield>
  <datafield tag="952" ind1=" " ind2=" ">
    <subfield code="0">0</subfield>
    <subfield code="1">0</subfield>
    <subfield code="2">ddc</subfield>
    <subfield code="4">0</subfield>
    <subfield code="7">0</subfield>
    <subfield code="a">CAI</subfield>
    <subfield code="b">CAI</subfield>
    <subfield code="d">2015-03-09</subfield>
    <subfield code="l">0</subfield>
    <subfield code="o">617.539\ G A</subfield>
    <subfield code="p">159698</subfield>
    <subfield code="r">2015-03-09 00:00:00</subfield>
    <subfield code="w">2015-03-09</subfield>
    <subfield code="y">BK</subfield>
  </datafield>
</record>
